000
00330nam a2200133 a 4500
005
20140414093845.0
008
090925s19uu xx 00 eng d
050
_a
DVD 791.43
_b
ANG 2007
100
_a
Segal, Peter
245
_a
Anger management /
_c
Peter Segal.
650
_a
Motion pictures.
942
_c
AVM
999
_c
109523
_d
109523